000 00409nab a22001097u 4500
008 130520b2003 xxu||||| |||| 00| 0 spa d
041 _aspa
100 1 _aDurand, Jean-Paul
_953960
245 0 0 _aMovimientos y comunidades católicas de fieles nacidas en el siglo XX: algunos retos para el derecho canónico
_cJean-Paul Durand
773 0 _tConcilium
_gnº301,2003,págs. 109-124
_x0210-1041
_wRev134
942 _cAR
999 _c365040
_d365040